000 00414nam a22001577a 4500
003 OSt
008 260423b |||||||| |||| 00| 0 eng d
082 _a634.43
_bS16S
100 _aKumar, Sarvjeet
245 _aStudies on Floral Biology of Sapota (Achrws Sapota L.)
260 _aPusa, Samastipur
_bRAU
_c1988
300 _a62P.
502 _bMsc.
_d1988
650 _aFruti and Fruit Technology
942 _2ddc
_cT
999 _c50135
_d50135